000 00631 a2200229 4500
005 20260129105128.0
008 260128b |||||||| |||| 00| 0 eng d
020 _a9781394266449
_c$ 55.00
040 _aMAIN
082 _a300.723
_bT524Q(5)
100 _aTisdell, Elizabeth J
245 _aQualitative research: A guide to design and implementation
250 _a5th
260 _bJohn Wiley
_c2025
_aHoboken
300 _axxvii, 420
650 _aSocial Science
650 _aResearch Methods
650 _aQualitative Research
700 _aMerriam, Sharan B
700 _aStuckey-Peyrot, Heather L
942 _cBK
999 _c395447
_d395447